LEADER 01155nam 2200385 450 001 9910717472803321 005 20231006002621.0 035 $a(CKB)4920000001897557 035 $a(OCoLC)1287090617 035 $a(EXLCZ)994920000001897557 100 $a20211203d1980 ua 0 101 0 $aeng 135 $aur||||||||||| 181 $ctxt$2rdacontent 182 $cc$2rdamedia 183 $acr$2rdacarrier 200 10$aEgypt /$fprepared by Zuhair E. Jwaideh 210 1$a[Washington, D.C.] :$cNear Eastern and African Law Division, Law Library, Library of Congress,$d1980. 215 $a1 online resource (5 pages) 300 $aTypescript. 300 $a"July 1980"--Page 5. 320 $aIncludes bibliographical references. 517 $aEgypt 606 $aRight of property$zEgypt 606 $aNoncitizens$zEgypt 615 0$aRight of property 615 0$aNoncitizens 700 $aJwaideh$b Zuhair E.$01388995 712 02$aLibrary of Congress.$bNear Eastern and African Law Division, 801 0$bDLC 801 1$bGPO 906 $aBOOK 912 $a9910717472803321 996 $aEgypt$93496276 997 $aUNINA LEADER 05089oam 2200769I 450 001 9910789942703321 005 20230126205101.0 010 $a1-136-52899-7 010 $a1-136-52900-4 010 $a1-84977-688-1 035 $a(CKB)2670000000174778 035 $a(EBL)957094 035 $a(OCoLC)798532705 035 $a(SSID)ssj0000648095 035 $a(PQKBManifestationID)11381550 035 $a(PQKBTitleCode)TC0000648095 035 $a(PQKBWorkID)10594157 035 $a(PQKB)10843680 035 $a(MiAaPQ)EBC957094 035 $a(Au-PeEL)EBL957094 035 $a(CaPaEBR)ebr10551309 035 $a(CaONFJC)MIL761289 035 $a(OCoLC)794489453 035 $a(EXLCZ)992670000000174778 100 $a20180727d2012 uy 0 101 0 $aeng 135 $aur|n|---||||| 181 $ctxt 182 $cc 183 $acr 200 10$aVisualizing climate change $ea guide to visual communication of climate change and developing local solutions /$fby Stephen R.J. Sheppard 205 $aFirst edition. 210 1$aBoca Raton, FL :$cRoutledge, an imprint of Taylor and Francis,$d2012. 215 $a1 online resource (526 p.) 300 $aDescription based upon print version of record. 311 $a1-84407-820-5 320 $aIncludes bibliographical references and index. 327 $aFront Cover; Visualizing Climate Change; Copyright Page; Contents; Preface; Acknowledgements; List of abbreviations; Part I: Setting the scene on climate change; 1. An invisible truth? Perceptions and misperceptions of climate change; 2. Limited vision: Understanding perceptual problems with climate change; 3. A new climate change lens: Principles for shifting perceptions of climate change; 4. Learning to see: Reframing community perceptions of carbon and climate change; Part II: Knowing, seeing and acting on community carbon and climate change; 5. Right before our eyes: Seeing carbon 327 $a6. Hot in my backyard: Seeing the impacts of climate change7. Cutting the carbon: Seeing mitigation solutions to climate change; 8. Being prepared: Seeing adaptation solutions to climate change; 9. Seeing the big picture on community carbon and climate change; Part III: Switching lenses: Changing minds with visual learning tools; 10. Landscape messaging: Making climate change more visible in the community; 11. Visual media: Knowing climate change when you see it - in pictures; 12. The modern crystal ball: Visualizing the future with climate change 327 $a13. Local climate change visioning: Better processes for planning community futuresPart IV: With new eyes to see: What the future looks like with climate change; 14. Realizing future community visions: Getting to low-carbon, attractive, resilient communities; Appendix: Code of ethics for landscape visualization; Illustration credits; References; Index 330 3 $aCarbon dioxide and global climate change are largely invisible, and the prevailing imagery of climate change is often remote (such as ice floes melting) or abstract and scientific (charts and global temperature maps) This guide to using visual media in communicating climate change vividly brings to life both the science and the practical solutions for climate change, such as local renewable energy and flood protection. It introduces powerful new visual tools (from outdoor signs to video-games) for communities, action groups, planners, and other experts to use in engaging the public, building awareness and accelerating action on the world?s greatest crisis.Using dramatic visual imagery such as 3D and 4D visualizations of future landscapes, community mapping, and iconic photographs, this book demonstrates new ways to make carbon and climate change visible where we care the most, in our own backyards and local communities. Extensive color imagery explains how climate change works where we live, and reveals how we often conceal, misinterpret, or overlook the evidence of climate change impacts and our carbon usage that causes them. 606 $aCarbon dioxide mitigation 606 $aClimatic changes$xEnvironmental aspects$xSimulation methods 606 $aClimatic changes$xSocial aspects$xSimulation methods 606 $aClimatology 606 $aEnvironmental chemistry 606 $aEnvironmental health 606 $aHealth risk assessment 606 $aVisual communication 615 0$aCarbon dioxide mitigation. 615 0$aClimatic changes$xEnvironmental aspects$xSimulation methods. 615 0$aClimatic changes$xSocial aspects$xSimulation methods. 615 0$aClimatology. 615 0$aEnvironmental chemistry. 615 0$aEnvironmental health. 615 0$aHealth risk assessment. 615 0$aVisual communication. 676 $a304.250113 676 $a363.738/74 676 $a363.73874 700 $aSheppard$b Stephen Richard John$f1952-$01530470 801 0$bFlBoTFG 801 1$bFlBoTFG 906 $aBOOK 912 $a9910789942703321 996 $aVisualizing climate change$93775540 997 $aUNINA LEADER 01275nam2 22003011i 450 001 UON00111550 005 20231205102638.865 100 $a20020107d1958 |0itac50 ba 101 $ajpn 102 $aJP 105 $a|||| 1|||| 200 1 $aGendai gikyoku shu$fAkita Ujaku 210 $aTokyo$cChikuma shobo$d1958 215 $a432 p.$d21 cm 316 $aEx inv. R 55567$5IT-UONSI GIASERIE010/(92) 461 1$1001UON00109145$12001 $aGendai Nihon Bungaku Zenshu$1210 $aTokyo$cChikuma Shobo$d1953-1959$1215 $a99 v.$cill.$d21 cm$1300 $aComprende due suppl.$v92 606 $aLetteratura Giapponese$xeta Moderna$3UONC018064$2FI 606 $aTEATRO GIAPPONESE$3UONC018086$2FI 620 $aJP$dTo?kyo?$3UONL000031 686 $aGIA SERIE$cGIAPPONE - SERIE$2A 700 0$aAKITA Ujaku$3UONV038278$0635762 712 $aChikuma Shobo?$3UONV246040$4650 801 $aIT$bSOL$c20260227$gRICA 899 $aSIBA - SISTEMA BIBLIOTECARIO DI ATENEO E ARCHIVIO STORICO$2UONSI 912 $aUON00111550 950 $aSIBA - SISTEMA BIBLIOTECARIO DI ATENEO E ARCHIVIO STORICO$dSI GIA SERIE 010 (92) $eSI SA 97299 7 (92) Ex inv. R 55567 996 $aGendai gikyoku shu$91207105 997 $aUNIOR